| 000 | 00330nam a2200121Ia 4500 | ||
|---|---|---|---|
| 008 | 210430s9999 xx 000 0 und d | ||
| 082 | _a530w136s | ||
| 100 | _aS.O.Pillai | ||
| 245 |
_aSolid State Physics revised 6th edition _cS.O.Pillai |
||
| 260 |
_aNew delhi _bNew Age International _c2006 |
||
| 300 | _a819p | ||
| 942 |
_cBK _2ddc |
||
| 999 |
_c562468 _d562468 |
||